| 000 | 00509nam a2200181Ia 4500 | ||
|---|---|---|---|
| 001 | 23146 | ||
| 005 | 20260414150918.0 | ||
| 008 | 260414t2013||||xx |||||||||||||| ||spa|| | ||
| 041 | _aESP | ||
| 082 |
_a624.18342 _bC62 |
||
| 100 |
_aCifuentes Bulté, Héctor _eAUT |
||
| 245 | 0 |
_aMecánica de la fractura aplicada al hormigón : _bconceptos, análisis experimental y modelos numéricos |
|
| 260 | _c2013 | ||
| 300 |
_a152 páginas : _c24 cm. |
||
| 650 | _a0 | ||
| 654 | _aCIC | ||
| 942 |
_cLIB _dJUS _fJUS _2ddc _n |
||
| 999 |
_c23146 _d23146 |
||